| 000 | 00425nam a2200181Ia 4500 | ||
|---|---|---|---|
| 001 | 13080 | ||
| 005 | 20260306163027.0 | ||
| 008 | 260306t2005||||xx |||||||||||||| ||spa|| | ||
| 041 | _aESP | ||
| 082 |
_aRD 920.003 _bD 2005 |
||
| 100 |
_aGispert, Carlos _eAUT |
||
| 245 | 0 | _aDiccionario de biografĂas | |
| 260 | _c2005 | ||
| 300 |
_a1072 páginas : _ccm. |
||
| 650 | _aGEN | ||
| 654 | _aCHU | ||
| 942 |
_cDIC _dJUS _fJUS _2ddc _n |
||
| 999 |
_c13080 _d13080 |
||